[Event "RUS GP GpA rapid"]
[Site "Kazan"]
[Date "2016.05.14"]
[Round "1"]
[White "Sharafiev, Azat"]
[Black "Kamsky, Gata"]
[Result "1/2-1/2"]
[WhiteElo "2435"]
[BlackElo "2670"]
[PlyCount "59"]
[EventDate "2016.05.14"]
[EventType "tourn (rapid)"]
[EventRounds "7"]
[EventCountry "RUS"]
[EventCategory "6"]
[SourceTitle "CBM 172 Extra"]
[Source "ChessBase"]
[SourceDate "2016.06.21"]
[SourceVersion "1"]
[SourceVersionDate "2016.06.21"]
[SourceQuality "1"]

1. Nf3 d5 2. g3 Nf6 3. Bg2 g6 4. d4 Bg7 5. c4 c6 6. cxd5 cxd5 7. O-O O-O 8. Ne5
e6 9. Nc3 Nfd7 10. f4 Nc6 11. Be3 Nb6 12. Kh1 Ne7 13. Bg1 Bd7 14. Rc1 a5 15. a4
Bc6 16. b3 Nbc8 17. e4 dxe4 18. Nxc6 bxc6 19. Nxe4 Nb6 20. Qe2 Nbd5 21. Rfd1
Qb6 22. Nc5 Qa7 23. Bf2 Rfd8 24. Bf3 Rab8 25. Kg2 Nf5 26. Qe1 Rb4 27. Rc4 Rbb8
28. Rcc1 Rb4 29. Rc4 Rbb8 30. Rcc1 1/2-1/2

[Event "RUS GP GpA rapid"]
[Site "Kazan"]
[Date "2016.05.14"]
[Round "2"]
[White "Ziyadov, Oleg"]
[Black "Kamsky, Gata"]
[Result "0-1"]
[WhiteElo "2130"]
[BlackElo "2670"]
[PlyCount "48"]
[EventDate "2016.05.14"]
[EventType "tourn (rapid)"]
[EventRounds "7"]
[EventCountry "RUS"]
[EventCategory "6"]
[SourceTitle "CBM 172 Extra"]
[Source "ChessBase"]
[SourceDate "2016.06.21"]
[SourceVersion "1"]
[SourceVersionDate "2016.06.21"]
[SourceQuality "1"]

1. Nc3 d5 2. e4 c6 3. d4 g6 4. exd5 cxd5 5. Qf3 e6 6. Bf4 a6 7. Be5 f6 8. Bg3
Nc6 9. O-O-O Nh6 10. Bf4 Nf5 11. Nge2 h5 12. g4 Nh4 13. Qe3 hxg4 14. Kb1 g5 15.
Bg3 Nf5 16. Qd3 Nxg3 17. Qg6+ Kd7 18. Nxg3 Rh6 19. Qg8 Ne7 20. Qf7 Qe8 21.
Qxe8+ Kxe8 22. Be2 f5 23. Rde1 Bd7 24. Bd3 Kf7 0-1

[Event "RUS GP GpA rapid"]
[Site "Kazan"]
[Date "2016.05.14"]
[Round "3"]
[White "Kamsky, Gata"]
[Black "Ibragimov, Ildar"]
[Result "1-0"]
[WhiteElo "2670"]
[BlackElo "2537"]
[PlyCount "71"]
[EventDate "2016.05.14"]
[EventType "tourn (rapid)"]
[EventRounds "7"]
[EventCountry "RUS"]
[EventCategory "6"]
[SourceTitle "CBM 172 Extra"]
[Source "ChessBase"]
[SourceDate "2016.06.21"]
[SourceVersion "1"]
[SourceVersionDate "2016.06.21"]
[SourceQuality "1"]

1. d4 d5 2. Bf4 e6 3. e3 c5 4. c3 Nc6 5. Nd2 Bd6 6. Bg3 Nf6 7. Ngf3 O-O 8. Bb5
a6 9. Bxc6 bxc6 10. Qc2 a5 11. O-O Be7 12. b3 Ba6 13. c4 cxd4 14. Nxd4 Qb6 15.
N4f3 a4 16. Rab1 axb3 17. axb3 c5 18. Rfc1 Rfd8 19. h3 h6 20. Ne5 Bb7 21. b4
cxb4 22. c5 Qb5 23. Nd3 Ra4 24. Nf3 Ne4 25. Nd4 Qa5 26. Bc7 Qxc7 27. Qxa4 Nc3
28. Nb5 Nxa4 29. Nxc7 Nc3 30. Rxc3 bxc3 31. Rxb7 Rc8 32. Na6 Bf6 33. Rb8 Rxb8
34. Nxb8 c2 35. c6 Be5 36. Na6 1-0

[Event "RUS GP GpA rapid"]
[Site "Kazan"]
[Date "2016.05.14"]
[Round "4"]
[White "Nagimov, Artiom"]
[Black "Kamsky, Gata"]
[Result "0-1"]
[WhiteElo "2259"]
[BlackElo "2670"]
[PlyCount "56"]
[EventDate "2016.05.14"]
[EventType "tourn (rapid)"]
[EventRounds "7"]
[EventCountry "RUS"]
[EventCategory "6"]
[SourceTitle "CBM 172 Extra"]
[Source "ChessBase"]
[SourceDate "2016.06.21"]
[SourceVersion "1"]
[SourceVersionDate "2016.06.21"]
[SourceQuality "1"]

1. d4 d5 2. Nf3 Nf6 3. c4 c6 4. e3 g6 5. Nc3 Bg7 6. h3 O-O 7. Bd3 c5 8. O-O
cxd4 9. exd4 Nc6 10. a3 b6 11. Bg5 Be6 12. cxd5 Bxd5 13. Ne5 Nxd4 14. Qa4 Bb3
15. Qa6 Nd7 16. Nxd7 Qxd7 17. Rfe1 e6 18. Ne4 f5 19. Nd2 Bd5 20. Rac1 Rac8 21.
Nc4 Nb3 22. Ne5 Bxe5 23. Rxc8 Rxc8 24. Rxe5 Nc5 25. Qb5 Bc6 26. Qc4 Nxd3 27.
Rxe6 Qd5 28. Rxc6 Qxc4 0-1

[Event "RUS GP GpA rapid"]
[Site "Kazan"]
[Date "2016.05.14"]
[Round "5"]
[White "Kamsky, Gata"]
[Black "Tokarev, Ilya"]
[Result "1-0"]
[WhiteElo "2670"]
[BlackElo "2294"]
[PlyCount "36"]
[EventDate "2016.05.14"]
[EventType "tourn (rapid)"]
[EventRounds "7"]
[EventCountry "RUS"]
[EventCategory "6"]
[SourceTitle "CBM 172 Extra"]
[Source "ChessBase"]
[SourceDate "2016.06.21"]
[SourceVersion "1"]
[SourceVersionDate "2016.06.21"]
[SourceQuality "1"]

1. d4 d5 2. Bf4 Nf6 3. e3 Bg4 4. f3 Bf5 5. g4 Bg6 6. h4 h6 7. c4 e6 8. Nc3 Be7
9. Qb3 b6 10. Nb5 Na6 11. Qa4 Nb4 12. Nxc7+ Kf8 13. Nxa8 Qxa8 14. Rh2 dxc4 15.
Bxc4 Qc8 16. Qb3 b5 17. Bxb5 Nc2+ 18. Rxc2 Qd8 1-0

[Event "RUS GP GpA rapid"]
[Site "Kazan"]
[Date "2016.05.14"]
[Round "6"]
[White "Rodchenkov, Vitaly"]
[Black "Kamsky, Gata"]
[Result "0-1"]
[WhiteElo "2312"]
[BlackElo "2670"]
[PlyCount "80"]
[EventDate "2016.05.14"]
[EventType "tourn (rapid)"]
[EventRounds "7"]
[EventCountry "RUS"]
[EventCategory "6"]
[SourceTitle "CBM 172 Extra"]
[Source "ChessBase"]
[SourceDate "2016.06.21"]
[SourceVersion "1"]
[SourceVersionDate "2016.06.21"]
[SourceQuality "1"]

1. e4 c5 2. Nf3 e6 3. d4 cxd4 4. Nxd4 a6 5. Bd3 Bc5 6. Nb3 Ba7 7. Qg4 Nf6 8.
Qg3 Nc6 9. Nc3 Nh5 10. Qg4 g6 11. Bg5 f6 12. Bd2 b5 13. f4 Bb7 14. O-O-O Nb4
15. f5 Nxd3+ 16. cxd3 Kf7 17. Rhf1 Qc7 18. Kb1 Rac8 19. Ne2 Rhe8 20. fxg6+ hxg6
21. Nf4 Nxf4 22. Bxf4 Qc2+ 23. Ka1 f5 24. Qg3 Qe2 25. Be5 Qh5 26. Nd4 Bb6 27.
Nf3 Kg8 28. Nh4 Kh7 29. Nf3 Bd8 30. h4 Kg8 31. Rde1 Qg4 32. Qh2 Rc2 33. Bd4 Bc7
34. Ne5 Rxg2 35. Nxg4 Bxh2 36. Nf6+ Kf7 37. Nxe8 Kxe8 38. exf5 gxf5 39. Rxf5
Bg3 40. Rg5 Bxe1 0-1

[Event "RUS GP GpA rapid"]
[Site "Kazan"]
[Date "2016.05.14"]
[Round "7"]
[White "Kamsky, Gata"]
[Black "Faizrakhmanov, Ramil"]
[Result "1-0"]
[WhiteElo "2670"]
[BlackElo "2422"]
[PlyCount "101"]
[EventDate "2016.05.14"]
[EventType "tourn (rapid)"]
[EventRounds "7"]
[EventCountry "RUS"]
[EventCategory "6"]
[SourceTitle "CBM 172 Extra"]
[Source "ChessBase"]
[SourceDate "2016.06.21"]
[SourceVersion "1"]
[SourceVersionDate "2016.06.21"]
[SourceQuality "1"]

1. d4 Nf6 2. Bf4 e6 3. e3 c5 4. c3 Nc6 5. Nd2 d5 6. Ngf3 Bd6 7. Bg3 O-O 8. Bb5
Bxg3 9. hxg3 Qb6 10. Bxc6 bxc6 11. Qc2 cxd4 12. cxd4 Ba6 13. Ne5 g6 14. f3 Rab8
15. Nb3 Qb4+ 16. Kf2 Bc4 17. Nxc6 Bxb3 18. axb3 Qxb3 19. Rhc1 Rb6 20. Qxb3 Rxb3
21. Rc2 Kg7 22. Rxa7 Rc8 23. Ra3 Rb6 24. Rac3 Rc7 25. g4 Ne8 26. e4 Nd6 27.
exd5 exd5 28. Nb4 Rcb7 29. Nxd5 Rxb2 30. Kg3 Rxc2 31. Rxc2 Rb5 32. Nc7 Rb3 33.
Kf4 f6 34. Rc6 g5+ 35. Kg3 Ne4+ 36. Kh2 Nd2 37. Ne8+ Kf7 38. Nxf6 Rb2 39. Kh3
Rb1 40. Kg3 h6 41. Nh5 Rb4 42. d5 Rd4 43. Rf6+ Ke7 44. Rxh6 Rxd5 45. Ng7 Nc4
46. Nf5+ Kf7 47. Ra6 Ne5 48. Nd6+ Kg8 49. Ne4 Kf8 50. Rf6+ Ke7 51. Rf5 1-0

[Event "RUS GP KO rapid"]
[Site "Kazan"]
[Date "2016.05.15"]
[Round "1.1"]
[White "Kamsky, Gata"]
[Black "Timofeev, Artyom"]
[Result "1/2-1/2"]
[WhiteElo "2670"]
[BlackElo "2598"]
[PlyCount "76"]
[EventDate "2016.05.15"]
[EventType "k.o. (rapid)"]
[EventRounds "4"]
[EventCountry "RUS"]
[SourceTitle "CBM 172 Extra"]
[Source "ChessBase"]
[SourceDate "2016.06.21"]
[SourceVersion "1"]
[SourceVersionDate "2016.06.21"]
[SourceQuality "1"]

1. d4 d5 2. Bf4 c5 3. e3 Nc6 4. Nf3 Nf6 5. Nbd2 e6 6. c3 Bd6 7. Bg3 O-O 8. Bd3
b6 9. Qe2 Bb7 10. Rd1 h6 11. e4 Bxg3 12. hxg3 cxd4 13. cxd4 dxe4 14. Nxe4 Nb4
15. Nxf6+ Qxf6 16. Bb1 Bxf3 17. Qxf3 Qxf3 18. gxf3 Rfd8 19. a3 Nd5 20. Ke2 Rac8
21. Rc1 Kf8 22. Bd3 Ke7 23. f4 Kd6 24. f5 exf5 25. Bxf5 Rc7 26. Rxc7 Nxc7 27.
Be4 Ne6 28. Ke3 Rc8 29. Kd3 Nf8 30. Bf5 Rc7 31. Re1 g6 32. Bh3 Nd7 33. Re8 Nf6
34. Rd8+ Ke7 35. Ra8 Kd6 36. Rd8+ Ke7 37. Ra8 Kd6 38. Rd8+ Ke7 1/2-1/2

[Event "RUS GP KO rapid"]
[Site "Kazan"]
[Date "2016.05.15"]
[Round "2.1"]
[White "Timofeev, Artyom"]
[Black "Kamsky, Gata"]
[Result "1-0"]
[WhiteElo "2598"]
[BlackElo "2670"]
[PlyCount "102"]
[EventDate "2016.05.15"]
[EventType "k.o. (rapid)"]
[EventRounds "4"]
[EventCountry "RUS"]
[SourceTitle "CBM 172 Extra"]
[Source "ChessBase"]
[SourceDate "2016.06.21"]
[SourceVersion "1"]
[SourceVersionDate "2016.06.21"]
[SourceQuality "1"]

1. e4 c5 2. Nf3 e6 3. d4 cxd4 4. Nxd4 a6 5. Bd3 Bc5 6. Nb3 Ba7 7. Qg4 Nf6 8.
Qg3 Nc6 9. Nc3 Nh5 10. Qh3 Nf6 11. Bg5 h6 12. O-O b5 13. Kh1 Bb7 14. f4 Rg8 15.
Bxf6 gxf6 16. Qxh6 Qe7 17. a4 b4 18. Ne2 O-O-O 19. Qh5 f5 20. h3 fxe4 21. Bxe4
f5 22. Bf3 Rg7 23. c3 Rdg8 24. Ned4 Rh7 25. Nxf5 exf5 26. Qxf5 bxc3 27. bxc3
Rf7 28. Qd5 Qe6 29. Rae1 Qxd5 30. Bxd5 Nd8 31. Bxb7+ Kxb7 32. f5 Rg3 33. Nd2
Rxc3 34. Ne4 Rd3 35. f6 Rd5 36. h4 Bd4 37. Rd1 Ne6 38. g4 Rh7 39. h5 Re5 40.
Nd6+ Kc6 41. Nf5 Re4 42. f7 Bc5 43. Rc1 Rxf7 44. Nd4+ Rxd4 45. Rxf7 Rxg4 46.
Rf5 Rh4+ 47. Kg2 Rxh5 48. Rcxc5+ Nxc5 49. Rxh5 Nxa4 50. Rh6+ d6 51. Kf3 Nc5 1-0

[Event "RUS GP KO rapid"]
[Site "Kazan"]
[Date "2016.05.15"]
[Round "2.2"]
[White "Rodchenkov, Vitaly"]
[Black "Kamsky, Gata"]
[Result "1/2-1/2"]
[WhiteElo "2312"]
[BlackElo "2670"]
[PlyCount "85"]
[EventDate "2016.05.15"]
[EventType "k.o. (rapid)"]
[EventRounds "4"]
[EventCountry "RUS"]
[SourceTitle "CBM 172 Extra"]
[Source "ChessBase"]
[SourceDate "2016.06.21"]
[SourceVersion "1"]
[SourceVersionDate "2016.06.21"]
[SourceQuality "1"]

1. e4 c6 2. d4 d5 3. Nc3 dxe4 4. Nxe4 Nd7 5. Nf3 Ngf6 6. Nxf6+ Nxf6 7. Bc4 Bf5
8. O-O e6 9. Bg5 Be7 10. Qe2 O-O 11. Rad1 h6 12. Bc1 a5 13. Ne5 Nd5 14. Bd3 Bf6
15. Bxf5 exf5 16. Qf3 Qc8 17. Rfe1 b5 18. Qh5 Ra7 19. Rd3 f4 20. Ng4 Re8 21.
Rdd1 Rxe1+ 22. Rxe1 Bxd4 23. c3 Bc5 24. h3 Re7 25. Rxe7 Bxe7 26. Qe5 f6 27. Qe2
Kf7 28. c4 bxc4 29. Qxc4 Qe6 30. Bd2 h5 31. Nh2 Nb4 32. Qxf4 Qxa2 33. Nf3 Qd5
34. Qc7 g5 35. Qc8 Nd3 36. Qh8 h4 37. Qh7+ Ke8 38. Bc3 Nf4 39. Qh8+ Kf7 40.
Qh7+ Ke8 41. Qh8+ Kf7 42. Qh7+ Ke8 43. Qh8+ 1/2-1/2

[Event "RUS GP KO rapid"]
[Site "Kazan"]
[Date "2016.05.15"]
[Round "3.1"]
[White "Kamsky, Gata"]
[Black "Rodchenkov, Vitaly"]
[Result "1-0"]
[WhiteElo "2670"]
[BlackElo "2312"]
[PlyCount "51"]
[EventDate "2016.05.15"]
[EventType "k.o. (rapid)"]
[EventRounds "4"]
[EventCountry "RUS"]
[SourceTitle "CBM 172 Extra"]
[Source "ChessBase"]
[SourceDate "2016.06.21"]
[SourceVersion "1"]
[SourceVersionDate "2016.06.21"]
[SourceQuality "1"]

1. d4 c5 2. d5 e5 3. e4 a6 4. a4 d6 5. a5 Be7 6. Bd3 Bg5 7. Nf3 Bxc1 8. Qxc1
Ne7 9. Nc3 O-O 10. Nd2 Nd7 11. Nc4 Nf6 12. f4 exf4 13. Qxf4 Ne8 14. e5 dxe5 15.
Qxe5 f6 16. Qe3 Qc7 17. O-O-O Nf5 18. Bxf5 Bxf5 19. d6 Qc6 20. Nd5 Kh8 21. Rhf1
Bg4 22. Ne5 Qa4 23. Nxg4 Qxg4 24. Qe7 Nxd6 25. Qxd6 Rfd8 26. Ne3 1-0

[Event "RUS GP KO rapid"]
[Site "Kazan"]
[Date "2016.05.15"]
[Round "4.1"]
[White "Samusenko, Maksim"]
[Black "Kamsky, Gata"]
[Result "0-1"]
[WhiteElo "2329"]
[BlackElo "2670"]
[PlyCount "120"]
[EventDate "2016.05.15"]
[EventType "k.o. (rapid)"]
[EventRounds "4"]
[EventCountry "RUS"]
[SourceTitle "CBM 172 Extra"]
[Source "ChessBase"]
[SourceDate "2016.06.21"]
[SourceVersion "1"]
[SourceVersionDate "2016.06.21"]
[SourceQuality "1"]

1. e4 c5 2. Nf3 e6 3. g3 Nc6 4. Bg2 Nf6 5. Qe2 d6 6. O-O Be7 7. c3 e5 8. Rd1
Bg4 9. h3 Bh5 10. Na3 O-O 11. d3 h6 12. Nc4 Nh7 13. Ne3 Bg5 14. Re1 Bxe3 15.
Qxe3 f6 16. Nh4 Ne7 17. d4 Qc7 18. dxc5 dxc5 19. Nf5 Bf7 20. Nxe7+ Qxe7 21. b3
Ng5 22. Ba3 b6 23. Rad1 Rfd8 24. h4 Ne6 25. Qe2 Nc7 26. Bc1 a5 27. Rxd8+ Rxd8
28. Rd1 Rxd1+ 29. Qxd1 Nb5 30. Qd3 Nd6 31. Qd1 Qc7 32. a3 Nb5 33. Qc2 Be6 34.
Bf1 Nd6 35. f3 Qc6 36. Qd1 Kf7 37. b4 cxb4 38. cxb4 axb4 39. axb4 Nc4 40. Qe1
Qd6 41. Be3 Nxe3 42. Qxe3 Qxb4 43. Kh2 Qb2+ 44. Bg2 Bc4 45. Kh3 h5 46. f4 exf4
47. Qxf4 Qe5 48. Qd2 b5 49. Bf3 g6 50. Bg2 Be6+ 51. Kh2 g5 52. hxg5 h4 53. Kh1
Qxg5 54. Qxg5 fxg5 55. gxh4 gxh4 56. e5 Kg6 57. Kh2 b4 58. Be4+ Kg5 59. Bc2 Kf4
60. Bd3 Kxe5 0-1

[Event "RUS GP KO rapid"]
[Site "Kazan"]
[Date "2016.05.15"]
[Round "4.2"]
[White "Kamsky, Gata"]
[Black "Samusenko, Maksim"]
[Result "1-0"]
[WhiteElo "2670"]
[BlackElo "2329"]
[PlyCount "87"]
[EventDate "2016.05.15"]
[EventType "k.o. (rapid)"]
[EventRounds "4"]
[EventCountry "RUS"]
[SourceTitle "CBM 172 Extra"]
[Source "ChessBase"]
[SourceDate "2016.06.21"]
[SourceVersion "1"]
[SourceVersionDate "2016.06.21"]
[SourceQuality "1"]

1. d4 d6 2. Nf3 g6 3. Bf4 Bg7 4. c3 Nd7 5. h3 e5 6. Bh2 Nh6 7. e3 O-O 8. a4 Re8
9. Be2 Nf5 10. O-O a5 11. Na3 Qe7 12. Nb5 Nf8 13. Re1 c6 14. Na3 e4 15. Nd2 Bh6
16. Bf1 d5 17. c4 Be6 18. cxd5 Bxd5 19. Nac4 Nd7 20. Nb1 c5 21. dxc5 Qxc5 22.
Nba3 Bc6 23. Nb5 Red8 24. Qc1 Qe7 25. Ncd6 Nxd6 26. Bxd6 Qf6 27. Rd1 Bg7 28.
Qc3 Qxc3 29. bxc3 Ne5 30. Bc5 Nd3 31. Bd4 Ne5 32. Rab1 Rdc8 33. Nd6 Rc7 34. Bb5
f5 35. c4 Rd7 36. c5 Kf8 37. Bxc6 bxc6 38. Rb6 Rc7 39. Rdb1 Nd7 40. Bxg7+ Kxg7
41. Rb7 Rxb7 42. Rxb7 Rd8 43. Rc7 Kf8 44. Nb7 1-0

[Event "Nezhmetdinov Memorial rapid 38th"]
[Site "Kazan"]
[Date "2016.05.29"]
[Round "1"]
[White "Kamsky, Gata"]
[Black "Sharafutdinov, Marat"]
[Result "1-0"]
[WhiteElo "2670"]
[BlackElo "1980"]
[PlyCount "83"]
[EventDate "2016.05.29"]
[EventType "swiss (rapid)"]
[EventRounds "9"]
[EventCountry "RUS"]
[SourceTitle "CBM 172 Extra"]
[Source "ChessBase"]
[SourceDate "2016.06.21"]
[SourceVersion "1"]
[SourceVersionDate "2016.06.21"]
[SourceQuality "1"]

1. d4 d5 2. Bf4 Nf6 3. e3 c6 4. c4 Bg4 5. Qb3 Qb6 6. c5 Qxb3 7. axb3 Nbd7 8. h3
Bf5 9. b4 Bxb1 10. Rxb1 a6 11. Ra1 Rc8 12. Nf3 Ne4 13. Bd3 Ndf6 14. Ne5 Nd7 15.
Bxe4 Nxe5 16. dxe5 dxe4 17. e6 fxe6 18. Rd1 Rd8 19. Rxd8+ Kxd8 20. Ke2 g6 21.
Rd1+ Ke8 22. Be5 Rg8 23. Rd4 Bg7 24. Bxg7 Rxg7 25. Rxe4 Kd7 26. Rf4 Ke8 27. h4
Rg8 28. Kd3 Kd7 29. Ke4 Rb8 30. Ke5 b6 31. Rd4+ Ke8 32. Kxe6 bxc5 33. bxc5 Rxb2
34. f4 Rxg2 35. Rd7 Re2 36. Rxe7+ Kd8 37. Rxh7 Rxe3+ 38. Kd6 Rd3+ 39. Kxc6 Rf3
40. Rd7+ Ke8 41. Rd4 Rh3 42. Kb6 1-0

[Event "Nezhmetdinov Memorial rapid 38th"]
[Site "Kazan"]
[Date "2016.05.29"]
[Round "2"]
[White "Murtazin, Bulat"]
[Black "Kamsky, Gata"]
[Result "0-1"]
[WhiteElo "2319"]
[BlackElo "2670"]
[PlyCount "78"]
[EventDate "2016.05.29"]
[EventType "swiss (rapid)"]
[EventRounds "9"]
[EventCountry "RUS"]
[SourceTitle "CBM 172 Extra"]
[Source "ChessBase"]
[SourceDate "2016.06.21"]
[SourceVersion "1"]
[SourceVersionDate "2016.06.21"]
[SourceQuality "1"]

1. d4 d5 2. c4 c6 3. Nc3 Nf6 4. e3 g6 5. Nf3 Bg7 6. Be2 O-O 7. O-O a6 8. Ne5
Nbd7 9. f4 dxc4 10. Bxc4 c5 11. dxc5 Qc7 12. Nxf7 Rxf7 13. b4 Nf8 14. Bxf7+
Kxf7 15. Bb2 Bg4 16. Qb3+ Be6 17. Qc2 b6 18. Na4 N8d7 19. e4 Qc6 20. Rae1 Rc8
21. Bd4 Qb5 22. f5 gxf5 23. e5 Nd5 24. Rxf5+ Kg8 25. a3 bxc5 26. Nxc5 Nxc5 27.
Bxc5 Bxf5 28. Qxf5 Qc6 29. Rd1 e6 30. Qe4 a5 31. Qg4 axb4 32. axb4 Qe8 33. Rd3
Ra8 34. Qd1 Bxe5 35. Qe1 Ra1 36. Rd1 Rxd1 37. Qxd1 Bg7 38. h3 Nc3 39. Qb3 Nb5
0-1

[Event "Nezhmetdinov Memorial rapid 38th"]
[Site "Kazan"]
[Date "2016.05.29"]
[Round "3"]
[White "Kamsky, Gata"]
[Black "Maiorov, Nikita"]
[Result "1/2-1/2"]
[WhiteElo "2670"]
[BlackElo "2538"]
[PlyCount "113"]
[EventDate "2016.05.29"]
[EventType "swiss (rapid)"]
[EventRounds "9"]
[EventCountry "RUS"]
[SourceTitle "CBM 172 Extra"]
[Source "ChessBase"]
[SourceDate "2016.06.21"]
[SourceVersion "1"]
[SourceVersionDate "2016.06.21"]
[SourceQuality "1"]

1. d4 Nf6 2. Bf4 g6 3. Nf3 Bg7 4. c3 b6 5. h3 O-O 6. e3 Bb7 7. a4 a6 8. Nbd2 d6
9. Bc4 Nbd7 10. O-O c5 11. Bh2 Qc7 12. Re1 Rad8 13. Qb3 Bh6 14. Rad1 cxd4 15.
exd4 Rde8 16. Bf1 Qc8 17. c4 d5 18. Ne5 dxc4 19. Ndxc4 Bd5 20. Qb4 a5 21. Qa3
Nxe5 22. Nxe5 Qb7 23. Nc4 Ne4 24. Ne3 Nf6 25. Be5 Bg7 26. b4 Ra8 27. bxa5 Rxa5
28. Qb4 Bc6 29. d5 Bxa4 30. Rb1 Nxd5 31. Nxd5 Qxd5 32. Bxg7 Kxg7 33. Qxb6 e6
34. Ra1 Rfa8 35. Qb2+ Kg8 36. Be2 Bc6 37. Bf3 Rxa1 38. Rxa1 Rxa1+ 39. Qxa1 Qc4
40. Bxc6 Qxc6 41. Qf6 Qc1+ 42. Kh2 g5 43. g3 Qd2 44. h4 gxh4 45. gxh4 Qd6+ 46.
f4 Qd2+ 47. Kg3 Qd3+ 48. Kf2 Qg6 49. Qe5 h5 50. Qb8+ Kh7 51. Qe5 Qc2+ 52. Ke1
Qg6 53. Kf2 Qh6 54. Kf3 Kg8 55. Kf2 Qg6 56. Qb8+ Kh7 57. Qe5 1/2-1/2

[Event "Nezhmetdinov Memorial rapid 38th"]
[Site "Kazan"]
[Date "2016.05.29"]
[Round "4"]
[White "Kamsky, Gata"]
[Black "Baghdasaryan, Vahe"]
[Result "1-0"]
[WhiteElo "2670"]
[BlackElo "2441"]
[PlyCount "61"]
[EventDate "2016.05.29"]
[EventType "swiss (rapid)"]
[EventRounds "9"]
[EventCountry "RUS"]
[SourceTitle "CBM 172 Extra"]
[Source "ChessBase"]
[SourceDate "2016.06.21"]
[SourceVersion "1"]
[SourceVersionDate "2016.06.21"]
[SourceQuality "1"]

1. d4 d5 2. Bf4 Nf6 3. e3 c5 4. c3 Nc6 5. Nd2 Bf5 6. Qb3 Qc8 7. Ngf3 e6 8. Nh4
c4 9. Qd1 Be7 10. Nxf5 exf5 11. h3 b5 12. Be2 b4 13. Qa4 O-O 14. O-O a5 15.
Rfc1 Qd7 16. b3 Rfc8 17. Bf1 bxc3 18. Rxc3 Bb4 19. Rc2 Bxd2 20. Rxd2 c3 21. Rc2
Nb4 22. Qxd7 Nxd7 23. Rcc1 a4 24. bxa4 c2 25. a3 Rxa4 26. Bb5 Ra7 27. Bxd7 Rc3
28. axb4 Rxa1 29. Rxa1 c1=Q+ 30. Rxc1 Rxc1+ 31. Kh2 1-0

[Event "Nezhmetdinov Memorial rapid 38th"]
[Site "Kazan"]
[Date "2016.05.30"]
[Round "5"]
[White "Shaposhnikov, Evgeny"]
[Black "Kamsky, Gata"]
[Result "0-1"]
[WhiteElo "2545"]
[BlackElo "2670"]
[PlyCount "80"]
[EventDate "2016.05.29"]
[EventType "swiss (rapid)"]
[EventRounds "9"]
[EventCountry "RUS"]
[SourceTitle "CBM 172 Extra"]
[Source "ChessBase"]
[SourceDate "2016.06.21"]
[SourceVersion "1"]
[SourceVersionDate "2016.06.21"]
[SourceQuality "1"]

1. e4 c5 2. Nf3 e6 3. d4 cxd4 4. Nxd4 a6 5. Bd3 Bc5 6. Nb3 Ba7 7. O-O d6 8. Qg4
Nf6 9. Qxg7 Rg8 10. Qh6 Nc6 11. Bg5 Rg6 12. Qh4 Ne5 13. N1d2 Bd7 14. Kh1 h6 15.
Bxf6 Qxf6 16. Qxf6 Rxf6 17. f4 Ng4 18. Nc4 Ke7 19. g3 Rg6 20. a4 h5 21. Nba5
Rh6 22. h3 Nf6 23. Nxb7 d5 24. exd5 exd5 25. Ne5 Bxh3 26. Rfe1 Ne4 27. Kh2 Bf5
28. Bxe4 dxe4 29. Na5 Rc8 30. c3 Kf8 31. Rad1 Bf2 32. Re2 e3 33. Nac4 Bg4 34.
Rxf2 exf2 35. Rc1 f6 36. Nd6 fxe5 37. Nxc8 e4 38. Na7 e3 39. Kg2 Rd6 40. Rf1 e2
0-1

[Event "Nezhmetdinov Memorial rapid 38th"]
[Site "Kazan"]
[Date "2016.05.30"]
[Round "6"]
[White "Kamsky, Gata"]
[Black "Sharafiev, Azat"]
[Result "1-0"]
[WhiteElo "2670"]
[BlackElo "2435"]
[PlyCount "83"]
[EventDate "2016.05.29"]
[EventType "swiss (rapid)"]
[EventRounds "9"]
[EventCountry "RUS"]
[SourceTitle "CBM 172 Extra"]
[Source "ChessBase"]
[SourceDate "2016.06.21"]
[SourceVersion "1"]
[SourceVersionDate "2016.06.21"]
[SourceQuality "1"]

1. d4 d5 2. Bf4 c5 3. e3 Nc6 4. Nf3 Bf5 5. dxc5 e6 6. Nd4 Bxc5 7. Nxf5 exf5 8.
c3 Nf6 9. Be2 Ne4 10. h4 O-O 11. Nd2 Bd6 12. g3 Re8 13. Nxe4 Bxf4 14. gxf4 fxe4
15. h5 h6 16. Qb3 Na5 17. Qb4 Qc7 18. Qd4 Rad8 19. Rg1 f5 20. O-O-O Nc6 21. Qc5
b6 22. Qb5 Ne7 23. Kb1 Kh7 24. Rd4 Ra8 25. c4 a6 26. Qb3 dxc4 27. Rxc4 Qb7 28.
Rd4 Nc6 29. Rd6 Rad8 30. Qd5 Rxd6 31. Qxd6 Ne7 32. Qe5 Rg8 33. Bc4 Qd7 34.
Bxg8+ Nxg8 35. a3 Nf6 36. Rc1 Nxh5 37. Rc7 Qd1+ 38. Ka2 Qg4 39. Rb7 b5 40. Rf7
Kg6 41. Qe8 Qe2 42. Rf8+ 1-0

[Event "Nezhmetdinov Memorial rapid 38th"]
[Site "Kazan"]
[Date "2016.05.30"]
[Round "7"]
[White "Rozum, Ivan"]
[Black "Kamsky, Gata"]
[Result "0-1"]
[WhiteElo "2559"]
[BlackElo "2670"]
[PlyCount "106"]
[EventDate "2016.05.29"]
[EventType "swiss (rapid)"]
[EventRounds "9"]
[EventCountry "RUS"]
[SourceTitle "CBM 172 Extra"]
[Source "ChessBase"]
[SourceDate "2016.06.21"]
[SourceVersion "1"]
[SourceVersionDate "2016.06.21"]
[SourceQuality "1"]

1. d4 d5 2. c4 c6 3. Nf3 Nf6 4. e3 g6 5. Nc3 Bg7 6. Be2 O-O 7. O-O a6 8. a4 a5
9. Qb3 e6 10. Bd2 Nbd7 11. Qc2 Re8 12. Rad1 b6 13. b3 Bb7 14. Bc1 Qc7 15. Bb2
Rac8 16. Rfe1 Qb8 17. Bd3 c5 18. Qe2 cxd4 19. exd4 Nh5 20. g3 dxc4 21. Bxc4 Qa8
22. Ng5 Nhf6 23. Nb5 Rc6 24. f3 Qb8 25. Qd3 Nd5 26. Ne4 Rd8 27. Qe2 N7f6 28.
Ba3 Ba8 29. Qf2 h6 30. Re2 Rd7 31. Rde1 Qd8 32. Bc1 Rc8 33. Ba3 Nb4 34. Rd2 Kh7
35. Qg2 Bc6 36. Qh3 Nxe4 37. fxe4 Bxb5 38. Bxb5 Rxd4 39. Rf2 Rc7 40. Ref1 Rd1
41. Kh1 Nc2 42. Bc1 Rxf1+ 43. Qxf1 Qd4 44. Re2 Nb4 45. Bf4 Be5 46. Bd2 Kg7 47.
Kg2 Rc2 48. Be8 f6 49. Qd1 h5 50. Bb5 Rc8 51. Qf1 Rc2 52. Qd1 Ra2 53. Kh3 Ra1
0-1

[Event "Nezhmetdinov Memorial rapid 38th"]
[Site "Kazan"]
[Date "2016.05.30"]
[Round "8"]
[White "Kamsky, Gata"]
[Black "Indjic, Aleksandar"]
[Result "1/2-1/2"]
[WhiteElo "2670"]
[BlackElo "2547"]
[PlyCount "67"]
[EventDate "2016.05.29"]
[EventType "swiss (rapid)"]
[EventRounds "9"]
[EventCountry "RUS"]
[SourceTitle "CBM 172 Extra"]
[Source "ChessBase"]
[SourceDate "2016.06.21"]
[SourceVersion "1"]
[SourceVersionDate "2016.06.21"]
[SourceQuality "1"]

1. d4 d6 2. Nf3 g6 3. c3 Bg7 4. e4 Nf6 5. Bd3 O-O 6. O-O Nc6 7. Re1 e5 8. h3
Qe7 9. Na3 Nh5 10. Bg5 Bf6 11. Be3 Bg7 12. Nc4 h6 13. dxe5 dxe5 14. b4 Rd8 15.
Qc2 Nf4 16. Bf1 Be6 17. b5 Bxc4 18. Bxc4 Na5 19. Bf1 Ne6 20. Rad1 Rd6 21. Nd2
c6 22. b6 axb6 23. Bxb6 Bf6 24. Qa4 Qf8 25. Bxa5 Bd8 26. Nb3 Rxd1 27. Rxd1 Bxa5
28. Nxa5 Qc5 29. Nxb7 Rxa4 30. Nxc5 Nxc5 31. f3 Rxa2 32. Rd6 Rc2 33. Rxc6 Rxc3
34. Bb5 1/2-1/2